000 00463nam a2200181Ia 4500
005 20250423100455.0
008 250422s9999 xx 000 0 und d
020 _a9780397508990
050 _aRJ 49 .S76/
100 _aStocker, Thomas J.
245 0 _aPediatric pathology (Vol. 2)
260 _aWashington
260 _bJ.B. Lippincott company
260 _c1992
300 _a702 p
650 _aPediatric pathology. Forensic pathology.
942 _cBK
999 _c33412
_d33412